Регионална библиотека "Любен Каравелов" - Русе

Тръпка (Запис номер 91500)

MARC детайли
000 -Лидер
Контролно поле с фиксирана дължина 01145nam a2200301 c 4500
003 - Код на организацията, давaща контролен номер
Контролно поле BLK
005 - Дата и час на последна редакция
Контролно поле 20221219131140.0
008 - Елементи от данни с фиксирана дължина
fixed length control field 180408b bul|||||r ||||||| ||bul||
010 ## - Наследен системен номер
LC control number KNG00096257000
020 ## - Международен стандартен номер на книга ISBN
Международен стандартен номер на книга ISBN 978-954-771-217-1
-- издат.: Кръгозор
040 ## - Източник на каталожния запис
Идентификатор на билиотеката - собственик на записа BLK
041 ## - Код за език
Код за езика на текст/звукозапис или на отделно заглавие Български
Код за езика КДБФ Български
080 ## - УДК
Текстов определител УДК Американска литература (на САЩ)
УДК код - определител по УДК 821.111(73)
УДК определител -312.9
УДК - код + определител 821.111(73)-312.9
100 1# - Редна дума - Автор
Автор Стийвотър, Маги
Авторска отговорност първи автор
R(LIN) 124676
139 ## - Редно поле
Редна дума Стийвотър, Маги
Авторски знак Сти - С 76
245 10 - Сведения за заглавието
Заглавие Тръпка
Подзаглавни данни Роман
Редно поле (дума) Маги Стийвотър; прев. Александър Димитров Бакалов.
257 ## - Страна на издаване
Страна на създаване/издаване Съединени американски щати
260 ## - Област на издателските данни
-- София
Име на издателя, разпространителя и проч. Кръгозор
Година на издаване 2010
Печатница София : печ. Вулкан
300 ## - Физическа характеристика
Страници 316 с.
Размери/Мащаб 21 см
380 ## - Жанр
Жанр Худож. лит.
500 ## - Общи забележки
Забележка Ориг. загл. Shiver / Maggie Stiefvater.
700 1# - Други автори (авторска отговорност)
Лично име Бакалов, Александър Димитров
Автороска отговорност (Описва отношението между автора и произведението) прев.
9 (RLIN) 304434
852 ## - Местоположение
Форматна сигнатура Цб 248199
856 4# - Електронен адрес и достъп
Електронен формат pdf - файл
Път до файла /url/
856 4# - Електронен адрес и достъп
Електронен формат pdf - файл
Път до файла /url/
942 ## - АРТИКУЛИ
Вид на библиотечния материал Книги
Скрит в OPAC Не
Koha issues (borrowed), all copies 9
944 ## - СЪЗДАВАНЕ И РЕДАКЦИЯ на ЗАПИСА
Създаване/Редакция Създаване
Дата на регистрацията/редакция 21.05.2010
Статус, дата на статуса ф /
Служител, извършил регистрацията/редакцията Валя_Йорданова
944 ## - СЪЗДАВАНЕ И РЕДАКЦИЯ на ЗАПИСА
Създаване/Редакция Редакция
Дата на регистрацията/редакция 05.10.2011
Статус, дата на статуса ф /
Служител, извършил регистрацията/редакцията
999 ## - СИСТЕМНИ КОНТРОЛНИ НОМЕРА
Koha biblionumber 91500
Koha biblioitemnumber 91500
Наличности
Код за отписване Код за изгубен артикул Източник на класификационната схема Код за повреда Коз за рестрикции Код за отдаване Артикулен № Име на библиотеката - собственик Име на библиотеката, в която се намира в момента Статус (Текущо местоположение) Дата на вписване в системата Местоположение - отдел Цена в лева Инвентарен номер Систематично азбучна сигнатура Баркод Номер на екземпляра Цена в евро Служебна бележка Служебен тип на артикула
  Не е изгубен Universal Decimal Classification Не е повреден без рестрикции заемане за дома 147681 Регионална библиотека "Любен Каравелов" Русе Регионална библиотека "Любен Каравелов" Русе Заемна - подръчен фонд 2010-05-21 Заемна - подръчен фонд 11.90 120000744543 П 820(73)-31/С 120000744543 1 6.08 Дост: DA Вид: А N: 15 Дата: 21.05.2010 Дата инв: 14.02.2018 Бележки инв: П2018 Книги
  Не е изгубен   Не е повреден без рестрикции ползва се в читалня 147682 Регионална библиотека "Любен Каравелов" Русе Регионална библиотека "Любен Каравелов" Русе Хранилище 2011-10-05 Хранилище 11.90 120000753397 Цб 248199 120000753397 2 6.08 Дост: Dp Вид: Д N: 10 Дата: 07.03.2011 Книги
Vip Innovations Ltd, Rousse, Bulgaria 2025